| 000 | 00484nam a2200217Ia 4500 | ||
|---|---|---|---|
| 001 | 13690 | ||
| 003 | GE_BSU | ||
| 008 | 181216s||||||||xx |||||||||||||| ||und|| | ||
| 020 | _a0747203776 | ||
| 040 | _cGE_BSU | ||
| 080 | _a59 | ||
| 100 | _aLawley,Lisa. | ||
| 245 | _aElephants.A battle for survival. | ||
| 260 | _aLondon. | ||
| 260 | _bHeadline book. | ||
| 260 | _c1991 | ||
| 300 | _a128p;35cm. | ||
| 300 | _bill. | ||
| 653 | _aElephants.A battle for survival. | ||
| 942 | _cBK | ||
| 999 |
_c46838 _d46838 |
||